Los 39 escalones /

Guardado en:
Autor Principal: Buchan, John
Formato: Libro
Publicado: Buenos Aires : La estación, 2010
Etiquetas: Agregar Etiqueta
Sin Etiquetas, Sea el primero en etiquetar este registro!
LEADER 00431nam a22001575a 4500
001 CEM.cems018677
005 20190226154832.0
008 130507s2010##################000#0#####d
003 CEMS
020 |a 9789871652297 
082 0 4 |a 823.9 
100 1 |a Buchan, John 
245 1 0 |a Los 39 escalones /  |c John Buchan 
260 |a Buenos Aires :  |b La estación,  |c 2010 
300 |a 159 p. 
859 |a CEMS  |b BIB. CEMS - Agricultura  |h 823.9  |i B851  |p A3120.18  |t Ej.1